Science Quiz

Random Science or Minefield Quiz

Number Sequence Nightmare Quiz Stats

 Plays Quiz Updated Oct 10, 2012

Support Sporcle.
Go Orange.
Score 0/30 Timer 04:00
16 Plays Today
% Correct
???
99.9%
???
98.9%
???
98.5%
???
98.2%
???
98%
???
89%
???
88.8%
???
88.5%
???
88.3%
???
88.2%
???
70.2%
???
58.6%
???
40.1%
???
37.5%
???
35.1%
% Correct
???
33.5%
???
31.7%
???
30.6%
???
30.2%
???
30%
???
28%
???
27.1%
???
26.9%
???
26.8%
???
26.3%
???
24.8%
???
24.6%
???
24.2%
???
23.9%
???
23.8%

From the Vault

Click a Deep Sea Giant

by alvir28

Science 3m
They're just as terrifying as you think they would be.
Remove Ads.
Support Sporcle.
Get the best of Sporcle when you Go Orange. This ad-free experience offers more features, more stats, and more fun while also helping to support Sporcle. Thank you for becoming a member.

Show Comments

Extras

Top Quizzes Today


Score Distribution

Your Account Isn't Verified!

In order to create a playlist on Sporcle, you need to verify the email address you used during registration. Go to your Sporcle Settings to finish the process.

Report this User

Report this user for behavior that violates our Community Guidelines.

Details: